Central Library OPAC University of Rajshahi

Societies in the making : (Record no. 35373)

MARC details
000 -LEADER
fixed length control field 00685nam a22002177a 4500
001 - CONTROL NUMBER
control field 35373
003 - CONTROL NUMBER IDENTIFIER
rucl marc code BD-RjUL
005 - DATE AND TIME OF LATEST TRANSACTION
control field 20211209052317.0
008 - FIXED-LENGTH DATA ELEMENTS--GENERAL INFORMATION
fixed length control field 140524r19671962e ||||| |||| 001 0 eng d
035 ## - SYSTEM CONTROL NUMBER
System control number (BD-RjUL) 35467
040 ## - CATALOGING SOURCE
Original cataloging agency BD-RjUL
Language of cataloging eng
Transcribing agency BD-RjUL
Modifying agency BD-RjUL
041 ## - LANGUAGE CODE
Language code of text/sound track or separate title eng
082 ## - DEWEY DECIMAL CLASSIFICATION NUMBER
Classification number 720.94238
Author mark and year JES 1967
100 1# - MAIN ENTRY--PERSONAL NAME
Personal name Jennings, Hilda
9 (RLIN) 107758
245 ## - TITLE STATEMENT
Title Societies in the making :
Remainder of title a study of development and redevelopment within a county borough /
260 ## - PUBLICATION, DISTRIBUTION, ETC. (IMPRINT)
Place of publication, distribution, etc. London ;
Name of publisher, distributor, etc. Routledge & K. Paul ;
Date of publication, distribution, etc. 1962 [Impression 1967].
300 ## - PHYSICAL DESCRIPTION
Pagination x, 275 p. ;
Size 21 cm.
504 ## - BIBLIOGRAPHY, ETC. NOTE
Bibliography, etc Includes index.
650 ## - SUBJECT ADDED ENTRY--TOPICAL TERM
Topical term or geographic name as entry element Urban renewal England Barton Hill
9 (RLIN) 107759
942 ## - ADDED ENTRY ELEMENTS (KOHA)
Source of classification or shelving scheme Dewey Decimal Classification
Koha item type Books
Holdings
Lost status Source of classification or shelving scheme Damaged status Not for loan Collection code Permanent Location Current Location Shelving location Date acquired Source of acquisition Cost, normal purchase price Total Checkouts Full call number Date last seen Copy number Koha item type
  Dewey Decimal Classification     Non-fiction Central Library, University of Rajshahi Central Library, University of Rajshahi   07/08/1973 Paramont Bii. Cor, 40.00   720.94238 JES 1967 24/05/2014 C-3 Books
  Dewey Decimal Classification     Non-fiction Central Library, University of Rajshahi Central Library, University of Rajshahi   07/08/1973 Paramount Book Corporation. 40.00   720.94238 JES 1967 24/05/2014 C-4 Books
  Dewey Decimal Classification     Non-fiction Central Library, University of Rajshahi Central Library, University of Rajshahi   07/08/1973 Paramount Book Corporation. 40.00   720.94238 JES 1962 24/05/2014 C-2 Books
  Dewey Decimal Classification   Not For Loan Non-fiction Central Library, University of Rajshahi Central Library, University of Rajshahi Reading Room 20/05/1965 Euro-Pak. 48.74   720.94238 JES 1962 24/05/2014 C-1 Books